000 00317nam a22001337a 4500
999 _c156889
_d156889
020 _a
082 _a
_b
100 _aDharma Theertham
245 _aSri Narayana gurudevan jeevitha charithram thathwa darsanavum/
_cby Dharma Theertham.
260 _a
_b
_c2006.
300 _a230p.
650 _a
942 _cBK